00502nam a2200181Ia 4500008004100000020001800041082000800059100002900067245002000096250000600116260003300122300001700155500002400172650001000196942000700206952009000213999001700303230524s9999 xx 000 0 und d a9788173718854 bKUM aR Srinivasa Kumar942837 0aPavement Design a1 aNew DelhibNew Age Pubc2015 a"VIII,343p;" aQuantity Number: 1 aCivil cBK 00104070aTATCLbTATCLcGENd2023-05-24l0o KUMp54122r2023-05-24w2023-05-24yBK c57810d57810